| 000 | 00887nam a2200217 a 4500 | ||
|---|---|---|---|
| 001 | 000041223 | ||
| 005 | 20250701121838.0 | ||
| 008 | 110408s2009 dr 000 0 spa d | ||
| 040 |
_aDO-SdBNP _bspa _cBNPHU |
||
| 082 |
_axxxx _bR426r |
||
| 110 | 1 |
_aRepública Dominicana. _bSecretaría de Estado de Educación Superior, Ciencia y Tecnología _918778 |
|
| 245 | 1 | 0 |
_aReglamento de evaluación para las bibliotecas de las instituciones de educación superior de la República Dominicana / _cpresentación Ligia Amada Melo de Cardona. |
| 250 | _a2a. ed. | ||
| 260 |
_aSanto Domingo : _bSecretaria de Estado de Educación Superior, Ciencia y Tecnología, _c2009. |
||
| 300 |
_a38 p. ; _c23 cm. |
||
| 490 | 0 |
_a[SEESCyT] ; _v10 ; |
|
| 590 | _aInventariado, 2019/ YL | ||
| 504 | _aBibliografía : p. 35-38 | ||
| 700 | 1 | 2 |
_aMelo de Cardona, Ligia Amada _927174 |
| 830 | 0 |
_a[SEESCyT] _n10 _967802 |
|
| 999 |
_c40713 _d40713 |
||